Audítorstvo
Guardado en:
| Formato: | Libro |
|---|---|
| Lenguaje: | eslovaco |
| Publicado: |
Zvolen
Bratia Sabovci
2004
|
| Materias: | |
| Etiquetas: |
Sin Etiquetas, Sea el primero en etiquetar este registro!
|
MARC
| LEADER | 00000nam$a2200000$$$4500 | ||
|---|---|---|---|
| 001 | 0033651 | ||
| 005 | 20240226122130.7 | ||
| 020 | |a 80-89029-90-6 | ||
| 041 | 0 | |a slo | |
| 044 | |a SK | ||
| 245 | 1 | 0 | |a Audítorstvo |c [Katarína Kaszasová, Ivan Paule a kolektív] |
| 264 | 1 | |a Zvolen |b Bratia Sabovci |c 2004 | |
| 300 | |a 320 s. | ||
| 610 | 2 | 0 | |a audítorstvo |
| 610 | 2 | 0 | |a audit |
| 610 | 2 | 0 | |a audítori |
| 610 | 2 | 0 | |a previerky |
| 610 | 2 | 0 | |a štúdie prípadové |